[Event "9th TCh-BIH Premier"]
[Site "Bihac BIH"]
[Date "2010.06.10"]
[Round "6"]
[White "Urosevic,A"]
[Black "Zivkovic,Vj"]
[Result "0-1"]
[WhiteElo "2240"]
[BlackElo "2383"]

1.d4 Nf6 2.c4 g6 3.Nc3 Bg7 4.e4 d6 5.Nf3 O-O 6.Be2 e5 7.O-O Nc6 8.d5 Ne7
9.b4 a5 10.Ba3 axb4 11.Bxb4 Nd7 12.Qb3 Kh8 13.Rfd1 Ng8 14.a4 f5 15.a5 Bh6
16.exf5 gxf5 17.Nb5 Bg7 18.Ra3 Ra6 19.Ne1 Ne7 20.Qc2 Nf6 21.Qc1 f4 22.Nd3 f3
23.gxf3 Ng6 24.Kh1 e4 25.Ne1 Nh5 26.Bc3 Ne5 27.Qe3 Nf4 28.fxe4 Qh4 29.Bxe5 Bxe5
30.Nf3 Qh5 31.Nxe5 Nxe2 32.Re1 dxe5 33.Qxe2  0-1

[Event "14th Master Open"]
[Site "Voronezh RUS"]
[Date "2010.06.12"]
[Round "1"]
[White "Gabrielian,A"]
[Black "Kovalev,Vl"]
[Result "1-0"]
[WhiteElo "2557"]
[BlackElo "2334"]

1.d4 Nf6 2.c4 g6 3.Nc3 Bg7 4.e4 d6 5.Nf3 O-O 6.Be2 e5 7.O-O Nc6 8.d5 Ne7
9.Ne1 Nd7 10.f3 f5 11.g4 Nf6 12.Nd3 c6 13.Be3 Kh8 14.Kh1 h6 15.Rc1 c5 16.b4 b6
17.bxc5 bxc5 18.gxf5 gxf5 19.Rg1 a6 20.Rb1 Kh7 21.Qd2 Ng6 22.exf5 Bxf5 23.Rb7 Nd7
24.Ne4 Qe7 25.Ng3 Rab8 26.Nxf5 Rxf5 27.Rxb8 Nxb8 28.Nf2 Nf4 29.Qc2 e4 30.fxe4 Rf8
31.e5+ Kh8 32.e6 Be5 33.Nd3  1-0

[Event "Royal Residence Cup"]
[Site "Zhovkva UKR"]
[Date "2010.06.12"]
[Round "5"]
[White "Molnar,P SVK"]
[Black "Shkuran,D"]
[Result "1/2-1/2"]
[WhiteElo "2261"]
[BlackElo "2383"]

1.d4 Nf6 2.c4 g6 3.Nc3 Bg7 4.e4 d6 5.Nf3 O-O 6.Be2 e5 7.O-O Nc6 8.d5 Ne7
9.b4 Nh5 10.Re1 Nf4 11.Bf1 h6 12.Nd2 g5 13.c5 f5 14.cxd6 cxd6 15.a4 Nfg6
16.exf5 Nxf5 17.Nce4 Bd7 18.b5 Be8 19.Ba3 Rf7 20.Nc4 Bf8 21.Rc1 Rc8 22.Be2 Rfc7
23.Bf1 Bf7 24.a5 Nd4 25.b6 axb6 26.Nxb6  1/2-1/2

[Event "TCh-SUI 2010"]
[Site "Switzerland SUI"]
[Date "2010.06.13"]
[Round "4.6"]
[White "Toth,Be1"]
[Black "Rindlisbacher,J"]
[Result "0-1"]
[WhiteElo "2358"]
[BlackElo "2088"]

1.d4 Nf6 2.c4 g6 3.Nc3 Bg7 4.e4 d6 5.Nf3 O-O 6.Be2 e5 7.O-O Nc6 8.d5 Ne7
9.Ne1 Nd7 10.Nd3 f5 11.f3 f4 12.b4 Nf6 13.c5 Ne8 14.a4 g5 15.a5 Rf6 16.b5 Rh6
17.c6 Nf6 18.cxb7 Bxb7 19.Nb4 Qe8 20.h3 Qh5 21.Re1 Bc8 22.Bf1 g4 23.fxg4 Nxg4
24.Be2 Qh4 25.Nd3 Nh2 26.Nf2 Rg6 27.Ng4 f3 28.Bxf3 Nxf3+ 29.gxf3 Qg3+ 30.Kf1 Qxh3+
31.Kf2 Rxg4 32.Rh1 Rg2+ 33.Ke3 Qg3 34.Kd3 Rf2 35.Kc4 Qxf3 36.Bg5 Bf6 37.Bxf6 Qxd1
38.Nxd1 Rxf6 39.Ne3 Rf4 40.Kd3 Bd7 41.Rhb1 Rb8 42.b6 cxb6 43.axb6 Rxb6 44.Rg1+ Ng6
45.Rxa7 Rb3+ 46.Kc4 Rxe3 47.Rxd7 Rexe4+  0-1

[Event "4th Open"]
[Site "Varna BUL"]
[Date "2010.06.13"]
[Round "2"]
[White "Dokuchaev,A"]
[Black "Asgarova,T"]
[Result "1/2-1/2"]
[WhiteElo "2231"]
[BlackElo "1921"]

1.d4 Nf6 2.c4 g6 3.Nc3 Bg7 4.e4 d6 5.Nf3 O-O 6.Be2 e5 7.O-O Nc6 8.d5 Ne7
9.b4 Nh5 10.g3 f5 11.Ng5 Nf6 12.f3 a5 13.bxa5 Rxa5 14.a4 h6 15.Ne6 Bxe6 16.dxe6 Qc8
17.Nd5 Qxe6 18.Nxc7 Qd7 19.Nb5 Rd8 20.Be3 Ra6 21.Nc3 Nc6 22.Qb3 f4 23.Bf2 fxg3
24.hxg3  1/2-1/2

[Event "14th FIDE Open"]
[Site "Voronezh RUS"]
[Date "2010.06.14"]
[Round "3"]
[White "Kozhevnikov,E"]
[Black "Shorokhov,M"]
[Result "1-0"]
[WhiteElo "1969"]
[BlackElo "2139"]

1.d4 Nf6 2.Nf3 g6 3.c4 Bg7 4.Nc3 d6 5.e4 O-O 6.Be2 Nc6 7.O-O e5 8.d5 Ne7
9.b4 a5 10.Ba3 Ne8 11.bxa5 Rxa5 12.Bb4 Ra8 13.c5 dxc5 14.Bxc5 Nd6 15.Nd2 f5
16.f3 g5 17.Qb3 Ng6 18.exf5 Bxf5 19.Bxd6 cxd6 20.Nce4 Qe7 21.g3 h5 22.Nc4 Bxe4
23.fxe4 g4 24.Qb4 Rxf1+ 25.Bxf1 Bf8 26.Ne3 Qd7 27.a4 Qc7 28.Bd3 b6 29.Qc4 Qd7
30.Qc6 Qa7 31.Nc4 Rb8 32.Kg2 b5 33.Nxd6 Qe3 34.Nf5 Qg5 35.Qe6+ Kh8 36.axb5 Bc5
37.Rd1 h4 38.Nxh4 Nxh4+ 39.gxh4 Qxh4 40.Qxe5+  1-0

[Event "14th Master Open"]
[Site "Voronezh RUS"]
[Date "2010.06.15"]
[Round "4"]
[White "Popov,Val"]
[Black "Sharafiev,A"]
[Result "1-0"]
[WhiteElo "2592"]
[BlackElo "2447"]

1.d4 Nf6 2.Nf3 g6 3.c4 Bg7 4.Nc3 O-O 5.e4 d6 6.Be2 e5 7.O-O Nc6 8.d5 Ne7
9.a4 a5 10.Ne1 Nd7 11.Nd3 c5 12.f4 exf4 13.Bxf4 Ra6 14.Nb5 Ne5 15.Nxe5 Bxe5
16.Bxe5 dxe5 17.Qc1 f6 18.Qe3 b6 19.Na3 Bd7 20.Qh6 Nc8 21.Rf3 Rf7 22.Qh4 Ne7  1-0

[Event "14th Master Open"]
[Site "Voronezh RUS"]
[Date "2010.06.18"]
[Round "6"]
[White "Goganov,A"]
[Black "Matinian,N"]
[Result "1-0"]
[WhiteElo "2485"]
[BlackElo "2348"]

1.d4 Nf6 2.c4 g6 3.Nc3 Bg7 4.e4 d6 5.Be2 O-O 6.Nf3 e5 7.O-O Nc6 8.d5 Ne7
9.b4 Nh5 10.c5 Nf4 11.Bxf4 exf4 12.Rc1 f5 13.e5 dxe5 14.d6 cxd6 15.cxd6 Nc6
16.Qd5+ Kh8 17.b5 Nd4 18.Nxe5 Nxe2+ 19.Nxe2 Qe8 20.d7 Bxd7 21.Nxd7 Rd8 22.Rc7 Rf7
23.Nf6 Rxf6 24.Qxb7 Rb8 25.Qxa7 Ra8 26.Qb7 Rb8 27.Qf3 Qxb5 28.Nxf4 Ra6 29.Rfc1 Be5
30.R7c2 Ra4 31.Ne2 Qa5 32.Rc5 Rb5 33.Rc8+ Kg7 34.Qc6 Rxa2 35.Qe8 Kh6 36.Qf8+ Kh5
37.Qf7 Rxe2 38.Qxh7+ Kg5 39.h4+ Kf4 40.R8c4+ Bd4 41.Rxd4+ Re4 42.Qh6+ Ke5
43.Rxe4+ fxe4 44.Qg5+  1-0

[Event "14th Master Open"]
[Site "Voronezh RUS"]
[Date "2010.06.18"]
[Round "6"]
[White "Lutsko,I"]
[Black "Gorshkov,Yury"]
[Result "1-0"]
[WhiteElo "2417"]
[BlackElo "2314"]

1.d4 Nf6 2.c4 g6 3.Nc3 Bg7 4.e4 d6 5.Nf3 O-O 6.Be2 e5 7.O-O Nc6 8.d5 Ne7
9.a4 Nh5 10.g3 f5 11.Ng5 Nf6 12.Bf3 f4 13.a5 h6 14.Ne6 Bxe6 15.dxe6 g5 16.Ra3 c6
17.b4 a6 18.Qe2 Qc8 19.Bg4 Nxg4 20.Qxg4 Rf6 21.Rd1 Qxe6 22.Qxe6+ Rxe6 23.Na4 Rf8
24.Rad3 Rff6 25.Nb6 Bf8 26.Ba3 Kf7 27.b5 c5 28.Nd7 Rg6 29.Rb3 Ke8 30.bxa6 bxa6
31.Rb7 Nc6 32.Rc7 Nxa5 33.Rb1 Kd8 34.Ra7 Nc6 35.Ra8+  1-0

[Event "Sveins Minneturnering"]
[Site "Oslo NOR"]
[Date "2010.06.19"]
[Round "3"]
[White "Thingstad,E"]
[Black "Rundgren,A"]
[Result "1-0"]
[WhiteElo "2144"]
[BlackElo "1940"]

1.d4 Nf6 2.c4 g6 3.Nc3 Bg7 4.e4 d6 5.Nf3 O-O 6.Be2 e5 7.O-O Nc6 8.d5 Ne7
9.Ne1 Nd7 10.f3 f5 11.g4 Kh8 12.Nd3 Ng8 13.Be3 Bh6 14.Bf2 Bg5 15.Qe1 a6 16.b4 Be7
17.c5 fxg4 18.fxg4 Ndf6 19.h3 h5 20.g5 Nh7 21.h4 Bh3 22.Be3 Bxf1 23.Bxf1 Nxg5
24.hxg5 Bxg5 25.Qg3 Bxe3+ 26.Qxe3 Qh4 27.Be2 Kh7 28.Kg2 Nh6 29.Rh1 Qf6 30.Nd1 a5
31.b5 Qe7 32.N1f2 Rf6 33.Nh3 Nf7 34.Rc1 Rf8 35.cxd6 cxd6 36.b6 Qe8 37.Rc7 Qb8
38.Ng5+ Kg8 39.Ne6 Nh8 40.Rg7+  1-0

[Event "14th Master Open"]
[Site "Voronezh RUS"]
[Date "2010.06.19"]
[Round "7"]
[White "Sharafiev,A"]
[Black "Turutin,A"]
[Result "1/2-1/2"]
[WhiteElo "2447"]
[BlackElo "2380"]

1.d4 Nf6 2.c4 g6 3.Nc3 Bg7 4.e4 d6 5.Nf3 O-O 6.Be2 e5 7.O-O Nc6 8.d5 Ne7
9.Ne1 Nd7 10.f3 f5 11.g4 Kh8 12.Nd3 Nf6 13.Be3 c6 14.Kh1 b5 15.g5 Nh5 16.Nb4 bxc4
17.dxc6 a5 18.c7 Qxc7 19.Nbd5 Nxd5 20.Nxd5 Qd8 21.Rg1 Rb8 22.Qc2 fxe4 23.fxe4  1/2-1/2

[Event "Open"]
[Site "Eforie Nord ROU"]
[Date "2010.06.20"]
[Round "4"]
[White "Christea,I"]
[Black "Dragomirescu,R"]
[Result "1/2-1/2"]
[WhiteElo "2176"]
[BlackElo "2381"]

1.d4 Nf6 2.c4 g6 3.Nc3 Bg7 4.e4 O-O 5.Be2 d6 6.Nf3 e5 7.O-O Nc6 8.d5 Ne7
9.b4 Nh5 10.c5 f5 11.Re1 Nf4 12.Bf1 fxe4 13.Ng5 Nexd5 14.Nxd5 Qxg5 15.Bxf4 exf4
16.Nxc7 Bg4 17.Qb3+ d5 18.Nxa8 Rxa8 19.Rac1 Re8 20.c6 bxc6 21.Rxc6 Bd4 22.Rd6 Re5
23.Rxe4 Rxe4 24.Rxd5 Bxf2+ 25.Kxf2 Qh4+ 26.Kg1 Be6 27.Qd3 Qe1 28.Rd8+ Kg7
29.Rd4 Re3 30.Qa6 g5 31.Rd6 f3 32.gxf3 Rxf3 33.Rxe6  1/2-1/2

[Event "Sveins Minneturnering"]
[Site "Oslo NOR"]
[Date "2010.06.20"]
[Round "4"]
[White "Grotnes,N"]
[Black "Botheim,T"]
[Result "1-0"]
[WhiteElo "2223"]
[BlackElo "1917"]

1.d4 Nf6 2.c4 g6 3.Nc3 Bg7 4.e4 d6 5.Be2 O-O 6.Nf3 e5 7.O-O Nc6 8.d5 Ne7
9.Ne1 Nd7 10.Nd3 f5 11.Bd2 Nf6 12.f3 f4 13.c5 g5 14.cxd6 cxd6 15.Nf2 Ng6
16.Qc2 Rf7 17.Rfc1 Ne8 18.a4 Bf8 19.Ra3 h5 20.h3 Rg7 21.Kh2 Nh4 22.Nb5 a6
23.Rc3 Bd7 24.Nc7 Nxc7 25.Rxc7 Kh8 26.a5 Qf6 27.Qb3 Rb8 28.R1c3 Qh6 29.Kg1 g4
30.fxg4 hxg4 31.Bxg4 Qg5 32.Qb6 Bxg4 33.hxg4 Be7 34.Rxb7 Rxb7 35.Qxb7 Nxg2
36.Kxg2 f3+ 37.Rxf3 Qxd2 38.Qc8+ Rg8 39.Rh3+ Kg7 40.Qd7 Qg5 41.Rh5 Qf6 42.Rf5 Qh4
43.g5  1-0

[Event "14th Master Open"]
[Site "Voronezh RUS"]
[Date "2010.06.20"]
[Round "8"]
[White "Goganov,A"]
[Black "Ozolin,M"]
[Result "1/2-1/2"]
[WhiteElo "2485"]
[BlackElo "2398"]

1.d4 Nf6 2.Nf3 g6 3.c4 Bg7 4.Nc3 O-O 5.e4 d6 6.Be2 e5 7.O-O Nc6 8.d5 Ne7
9.b4 a5 10.Ba3 axb4 11.Bxb4 Nd7 12.Nd2 f5 13.a4 Bh6 14.Nb3 Nf6 15.Bd3 Kh8
16.c5 fxe4 17.Bxe4 Nf5 18.Re1 Nh4 19.Qd3 Bf5 20.cxd6 cxd6 21.Bxf5 gxf5 22.Qh3 Bg5
23.Nb5 Ra6 24.Rad1 Rg8 25.Kh1 Ng4 26.Re2 Rg6 27.Qc3 Bf6 28.f3 e4 29.N3d4 Nxh2
30.fxe4 Ng4 31.Rd3 fxe4 32.Rh3 e3 33.Rxh4 Bxh4 34.Nc6+ Qf6 35.Ne7 Qxc3 36.Bxc3+ Rf6
37.g3 Bg5 38.Bxf6+ Nxf6 39.Nf5 Nxd5 40.Nbxd6 h6 41.Kg2 Rxa4 42.Rc2 b6 43.Kf3 Kh7
44.Ne4 Kg6 45.g4 Nf6 46.Nxf6 Kxf6 47.Rb2 b5 48.Rxb5 Rf4+ 49.Ke2 Rf2+ 50.Ke1 Rg2
51.Rb4 Rg1+ 52.Ke2 Rg2+ 53.Ke1 Ke5 54.Ra4 Rg1+ 55.Ke2 Rg2+ 56.Ke1 Kd5 57.Kf1 e2+
58.Ke1 Rh2 59.Ra5+ Kc4 60.Ra4+ Kc3 61.Ra3+ Kb2 62.Rf3 Rg2  1/2-1/2

[Event "70th ch-ITA S/F"]
[Site "Torino ITA"]
[Date "2010.06.21"]
[Round "2"]
[White "Caprio,G"]
[Black "Ricci,M"]
[Result "1-0"]
[WhiteElo "2224"]
[BlackElo "1746"]

1.d4 Nf6 2.c4 g6 3.Nc3 Bg7 4.e4 d6 5.Nf3 O-O 6.Be2 e5 7.O-O Nc6 8.d5 Ne7
9.b4 Nh5 10.Re1 a5 11.bxa5 Rxa5 12.a4 f5 13.Qc2 Kh8 14.Bd2 Ra8 15.a5 c6 16.dxc6 bxc6
17.c5 d5 18.exd5 cxd5 19.Nxe5 Bxe5 20.Bxh5 Nc6 21.Bf3 Nd4 22.Qd1 Nxf3+ 23.Qxf3 Bg7
24.Nb5 Bxa1 25.Rxa1 Qd7 26.Bc3+ Kg8 27.Nd6 Bb7 28.Qf4 Rf7 29.Qd4 Kf8 30.Qh8+ Ke7
31.Re1+  1-0

[Event "14th FIDE Open"]
[Site "Voronezh RUS"]
[Date "2010.06.21"]
[Round "9"]
[White "Pogosian,G"]
[Black "Tukhvatullin,V"]
[Result "0-1"]
[WhiteElo "2174"]
[BlackElo "2296"]

1.d4 Nf6 2.c4 g6 3.Nc3 Bg7 4.e4 d6 5.Be2 O-O 6.Nf3 e5 7.O-O Nc6 8.d5 Ne7
9.a4 a5 10.b3 Nd7 11.Ba3 Bh6 12.b4 axb4 13.Bxb4 f5 14.Nd2 Kh8 15.Bd3 Ng8
16.Qe2 Rf7 17.Nb5 Ndf6 18.exf5 gxf5 19.Bc2 Ne7 20.g3 Ng6 21.Bc3 c6 22.dxc6 bxc6
23.Na3 Bg7 24.Rab1 Nd7 25.Qf3 e4 26.Bxg7+ Kxg7 27.Qe3 Ba6 28.Qd4+ Qf6 29.Qxf6+ Rxf6
30.Rfd1 Nge5 31.Kg2 Kf7 32.Rb4 Ke7 33.Re1 Nc5 34.Reb1 Rff8 35.Nf1 f4 36.gxf4 Rxf4
37.Ng3 Raf8 38.Nh1 Rg8+ 39.Kf1 Ned3 40.Bxd3 Nxd3 41.Rb6 Bc8 42.Ke2 Rf3 43.Nc2 Nf4+
44.Kd2 Rd3+ 45.Kc1 Rg1+ 46.Kb2 Rxb1+ 47.Kxb1 Rd1+ 48.Kb2 Rxh1  0-1

[Event "1st Open"]
[Site "Marrakesh MAR"]
[Date "2010.06.26"]
[Round "1"]
[White "Pogorelov,R"]
[Black "Ait Zirri,R"]
[Result "1-0"]
[WhiteElo "2454"]
[BlackElo "1499"]

1.Nf3 Nf6 2.c4 g6 3.Nc3 Bg7 4.e4 O-O 5.d4 d6 6.Be2 e5 7.O-O Nc6 8.d5 Ne7
9.Ne1 Nd7 10.Be3 f5 11.f3 f4 12.Bf2 g5 13.a4 Ng6 14.a5 Rf7 15.c5 Bf8 16.c6 Nb8
17.cxb7 Bxb7 18.a6 Bc8 19.Nc2 Nd7 20.Nb4 Nb6 21.Nc6 Qf6 22.Nb5 h5 23.Nbxa7 g4
24.fxg4 f3 25.Bxf3 h4 26.Bxb6 cxb6 27.Nxc8 Rxc8 28.g5 Qxg5 29.Bg4 Rxf1+ 30.Kxf1 h3
31.Bxh3 Rc7 32.Be6+ Kg7  1-0

[Event "1st Open"]
[Site "Marrakesh MAR"]
[Date "2010.06.28"]
[Round "5"]
[White "Cossin,S"]
[Black "Sebbar,Ali"]
[Result "1/2-1/2"]
[WhiteElo "2494"]
[BlackElo "2290"]

1.d4 Nf6 2.c4 g6 3.Nc3 Bg7 4.e4 O-O 5.Nf3 d6 6.Be2 e5 7.O-O Nc6 8.d5 Ne7
9.Ne1 Nd7 10.Be3 f5 11.f3 f4 12.Bf2 g5 13.Rc1 Ng6 14.c5 Nf6 15.Nd3 h5 16.cxd6 cxd6
17.Nb5 Rf7 18.Nxa7 Bd7 19.Qb3 g4 20.Bb6 Qe7 21.Rc7 g3 22.h3 Ne8 23.Rxb7 Qh4
24.Rxd7 Rxd7 25.Nc6 Rb7 26.a4 Bf6 27.a5 Bd8 28.Nxd8 Qxd8 29.Rc1 Qd7 30.Nb4 Ne7
31.Rc6 Nc8 32.Ba6 Nxb6 33.Bxb7 Qxb7 34.Nc2 Qa6 35.Qxb6 Qe2 36.Kh1 Qf2 37.Na3 Rb8
38.Qxf2 gxf2 39.Rc1 Rxb2 40.Rf1 Re2 41.Kh2 h4 42.a6 Ra2 43.Nb5 Rxa6 44.Rxf2 Ra1
45.Rb2 Nf6 46.Nc3 Rc1 47.Ne2 Re1 48.Nc3 Rc1 49.Ne2  1/2-1/2

[Event "IsBank TCh-TUR"]
[Site "Konya TUR"]
[Date "2010.06.30"]
[Round "3"]
[White "Sanikidze,T"]
[Black "Mamedov,Nid"]
[Result "0-1"]
[WhiteElo "2569"]
[BlackElo "2614"]

1.d4 Nf6 2.c4 g6 3.Nc3 Bg7 4.e4 d6 5.Nf3 O-O 6.Be2 e5 7.O-O Nc6 8.d5 Ne7
9.Be3 Ng4 10.Bd2 f5 11.Ng5 Nf6 12.exf5 Nxf5 13.Bd3 a5 14.Nge4 b6 15.Nxf6+ Qxf6
16.Ne4 Qe7 17.Re1 Bd7 18.b3 Bh6 19.Bc3 Qf7 20.g3 Rae8 21.Qc2 Re7 22.a3 a4
23.b4 b5 24.Bb2 bxc4 25.Bxc4 Nd4 26.Bxd4 exd4 27.f4 Rfe8 28.Bd3 Kh8 29.Re2 Bg4
30.Rf2 Bf5 31.Re1 Qxd5 32.Rfe2 Qb3 33.Qd2 Bg7 34.Kg2 h6 35.h3 Qxa3 36.g4 Bd7
37.b5 d5 38.Nf2 Rxe2 39.Rxe2 Rxe2 40.Qxe2 Qd6 41.f5 g5 42.f6 Qxf6 43.Qc2 Qe5
44.Qxa4 Bf8 45.Qa7 Kg7 46.b6 Bc5 47.Qxc7 Qxc7 48.bxc7 Bb6 49.Bb5 Be6 50.Nd3 Bxc7
51.Nc5 Bf7 52.Kf3 Kf6 53.Bd3 Ke7 54.Bf5 Kd6 55.Nd3 Kc6 56.Ke2 Kb5 57.Bd7+ Kc4
58.Bf5 Kc3 59.Bh7 Bd6  0-1

[Event "IsBank TCh-TUR"]
[Site "Konya TUR"]
[Date "2010.07.01"]
[Round "4"]
[White "Burneckas,Y"]
[Black "Okay,A"]
[Result "1/2-1/2"]
[WhiteElo "1946"]
[BlackElo "1852"]

1.Nf3 Nf6 2.d4 g6 3.c4 Bg7 4.Nc3 d6 5.e4 O-O 6.Be2 e5 7.O-O Nc6 8.d5 Ne7
9.Ne1 Nd7 10.Be3 f5 11.f3 f4 12.Bf2 g5 13.Nd3 Nf6 14.c5 Ng6 15.Rc1 Rf7 16.cxd6 cxd6
17.a4 Bf8 18.Nb5 g4 19.Qc2 g3 20.hxg3 Nh5 21.gxf4 Ngxf4 22.g4 Bh6 23.Nc7 Nxd3
24.Bxd3 Bxc1 25.Rxc1 Rxf3 26.Nxa8 Bxg4 27.Be2 Qf6 28.Bxf3 Qxf3 29.Qc3 Qxe4
30.Qe3 Qg6 31.Bg3 Nf4 32.Bxf4 exf4 33.Qxf4 Bf3+ 34.Kf2 Qg2+ 35.Ke3 Qe2+ 36.Kd4 Qxb2+
37.Rc3 Qb4+ 38.Rc4 Qb2+ 39.Kd3 Be2+ 40.Ke3 Bxc4 41.Qxc4 Qe5+ 42.Qe4 Qg3+
43.Qf3 Qe1+ 44.Kf4 Qc1+ 45.Kg4 Qc8+ 46.Qf5 Qxa8 47.Qe6+ Kg7 48.Qe7+ Kg8  1/2-1/2

[Event "5th Open"]
[Site "Wroclaw POL"]
[Date "2010.07.01"]
[Round "8"]
[White "Szablowski,P"]
[Black "Lach,P"]
[Result "1/2-1/2"]
[WhiteElo "2312"]
[BlackElo "2164"]

1.d4 Nf6 2.Nf3 g6 3.c4 Bg7 4.Nc3 d6 5.e4 O-O 6.Be2 e5 7.O-O Nc6 8.d5 Ne7
9.Ne1 Ne8 10.Be3 f5 11.f3 f4 12.Bf2 g5 13.a4 Ng6 14.c5 Rf7 15.a5 h5 16.Rc1 Nf6
17.cxd6 cxd6 18.Nb5 g4 19.Nxa7 Bd7 20.Nb5 Bxb5 21.Bxb5 Rxa5 22.Bc4 g3 23.hxg3 fxg3
24.Bxg3 h4 25.Bf2 Bh6 26.Rc3 Bf4 27.Nd3 Nh5 28.Rc2 Qg5 29.Be1 Ra8 30.Bd2  1/2-1/2

[Event "IsBank TCh-TUR"]
[Site "Konya TUR"]
[Date "2010.07.02"]
[Round "5"]
[White "Kasimdzhanov,R"]
[Black "Mamedov,Nid"]
[Result "1/2-1/2"]
[WhiteElo "2699"]
[BlackElo "2614"]

1.d4 Nf6 2.c4 g6 3.Nc3 Bg7 4.e4 d6 5.Nf3 O-O 6.Be2 e5 7.O-O Nc6 8.d5 Ne7
9.Nd2 a5 10.a3 Nd7 11.Rb1 f5 12.b4 Kh8 13.Qc2 Nf6 14.Bb2 axb4 15.axb4 c6
16.Rfd1 fxe4 17.Ndxe4 Nxe4 18.Nxe4 cxd5 19.cxd5 Bf5 20.f3 Qb6+ 21.Kh1 Bd7
22.b5 Nf5 23.Qb3 Rfc8 24.Qb4 Ra2 25.Bd3 h6 26.Re1 Rca8 27.Nc3 R2a5 28.Qe4 Rf8
29.Rbc1 Qd4 30.Nd1 Qxe4 31.fxe4 Nd4 32.b6 Bb5 33.Bc3 Ra6  1/2-1/2

[Event "IsBank TCh-TUR"]
[Site "Konya TUR"]
[Date "2010.07.02"]
[Round "6"]
[White "Temizkan,D"]
[Black "Kazdagli,B"]
[Result "0-1"]
[WhiteElo "1814"]
[BlackElo "1823"]

1.d4 Nf6 2.c4 g6 3.Nc3 Bg7 4.e4 d6 5.Nf3 O-O 6.Be2 e5 7.O-O Nc6 8.d5 Ne7
9.b4 a5 10.Ba3 axb4 11.Bxb4 b6 12.a4 Ne8 13.Nd2 f5 14.f3 Bh6 15.Nb3 Nf6 16.a5 Nh5
17.Kh1 Be3 18.Qd3 f4 19.g4 Nf6 20.Nd1 h5 21.Nxe3 fxe3 22.g5 Nh7 23.Qxe3 Rf4
24.Rg1 c5 25.Bd2 bxa5 26.Nxa5 Qd7 27.Qf2 Rf7 28.Nb3 Rxa1 29.Rxa1 Kg7 30.Nc1 Qb7
31.Qe1 Bh3 32.Na2 Nc8 33.Nc3 Qb2 34.Rb1 Qa3 35.Nb5 Qa4 36.Qc1 Qa6 37.Ra1 Qb7
38.Qa3 Qe7 39.Rg1 Nb6 40.Qa6 Nc8 41.Qc6 Bd7 42.Qc7 Qf8 43.Qb8 Rxf3 44.Qc7 Rf7
45.Qa5 Rf2 46.Bd1 Bg4 47.Nc7 Bf3+  0-1

[Event "IsBank TCh-TUR"]
[Site "Konya TUR"]
[Date "2010.07.02"]
[Round "6"]
[White "Deruni,B"]
[Black "Apaydin,F"]
[Result "1/2-1/2"]
[WhiteElo "2107"]
[BlackElo "2179"]

1.d4 Nf6 2.Nf3 g6 3.c4 Bg7 4.Nc3 O-O 5.e4 d6 6.Be2 Nc6 7.O-O e5 8.d5 Ne7
9.b4 a5 10.Ba3 axb4 11.Bxb4 Nd7 12.a4 Bh6 13.a5 f5 14.Nd2 Nf6 15.c5 Bxd2
16.Qxd2 Nxe4 17.Nxe4 fxe4 18.Bc3 Bd7 19.Bc4 Rf4 20.c6 Bc8 21.Bxe5 dxe5 22.d6+ Kg7
23.dxe7 Qxe7 24.cxb7 Bxb7 25.a6 Bc6 26.Qc3 Raf8 27.Ra5 Qg5 28.Rc5 Qf6 29.a7 Qd6
30.Be2 Ba8 31.Qa3 Qd4 32.Rxc7+ R8f7 33.Qc5 Rxc7 34.Qxc7+ Rf7 35.Qb8 Rxa7
36.Rd1 Ra1 37.Qc7+ Kh6 38.Qc2 e3 39.f3 Rxd1+ 40.Qxd1 Bd5 41.Qc1  1/2-1/2

[Event "ch-SWE"]
[Site "Lund SWE"]
[Date "2010.07.04"]
[Round "2"]
[White "Tikkanen,H"]
[Black "Hillarp Persson,T"]
[Result "1/2-1/2"]
[WhiteElo "2469"]
[BlackElo "2538"]

1.d4 Nf6 2.c4 g6 3.Nc3 Bg7 4.e4 d6 5.Be2 O-O 6.Nf3 e5 7.O-O Nc6 8.d5 Ne7
9.Ne1 Ne8 10.Be3 f5 11.f3 Kh8 12.a4 Ng8 13.exf5 gxf5 14.f4 Ne7 15.fxe5 dxe5
16.Bg5 Qd6 17.Nd3 Ng6 18.c5 Qd7 19.h4 h6 20.Bh5 Kh7 21.Bxg6+ Kxg6 22.Bd2 Kh7
23.Qe1 Qe7 24.b4 a5 25.Nd1 Nf6 26.Ne3 f4 27.Nc4 Nxd5 28.Ncxe5 Bf5 29.Qe2 Rae8
30.Rae1 axb4 31.Bxf4 Qxh4 32.Qd2 Nxf4 33.Rxf4 Qd8 34.Qe3 Bxd3 35.Rd4 Qxd4
36.Qxd4 Bc2 37.c6 bxc6 38.Qxb4 c5 39.Qxc5 Bxa4 40.Qxc7 Rf5 41.Nf3 Rxe1+ 42.Nxe1 Be8
43.Nd3 Rf8 44.Nf4 Bf7 45.Qd7 Kg8 46.g3 Re8 47.Nd5 Re5 48.Ne7+ Rxe7 49.Qxe7 Bg6
50.Kf2 Kh7 51.Ke3 Kg8 52.Kf4 Kh7 53.g4 Kg8 54.g5 h5 55.Qe6+ Kh7 56.Qc6 Bh8
57.Qe6  1/2-1/2

[Event "IsBank TCh-TUR"]
[Site "Konya TUR"]
[Date "2010.07.05"]
[Round "8"]
[White "Temizkan,D"]
[Black "Soysal,I"]
[Result "0-1"]
[WhiteElo "1814"]
[BlackElo "1676"]

1.d4 Nf6 2.c4 g6 3.Nc3 Bg7 4.e4 d6 5.Nf3 O-O 6.Be2 e5 7.O-O Nc6 8.d5 Ne7
9.b4 Ne8 10.Nd2 f5 11.f3 f4 12.c5 g5 13.Nc4 Ng6 14.a4 h5 15.Ba3 Rf7 16.b5 Bf8
17.cxd6 cxd6 18.b6 a6 19.Bb4 Rg7 20.Na2 Nf6 21.Kf2 g4 22.Ke1 g3 23.hxg3 fxg3
24.Rg1 Nf4 25.Bd2 Nxg2+ 26.Kf1 h4 27.Kxg2 h3+ 28.Kh1 Nh5 29.Bf1 g2+ 30.Bxg2 hxg2+
31.Rxg2 Qh4+ 32.Kg1 Rxg2+ 33.Kxg2 Bh3+ 34.Kh1 Bg4+ 35.Kg2 Qg3+ 36.Kf1 Bxf3  0-1

[Event "IsBank TCh-TUR"]
[Site "Konya TUR"]
[Date "2010.07.05"]
[Round "8"]
[White "Deruni,B"]
[Black "Erbis,B"]
[Result "1-0"]
[WhiteElo "2107"]
[BlackElo "1950"]

1.d4 Nf6 2.Nf3 g6 3.c4 Bg7 4.Nc3 O-O 5.e4 d6 6.Be2 e5 7.O-O Nc6 8.d5 Ne7
9.b4 Ne8 10.c5 f5 11.Nd2 Bh6 12.Nc4 Bxc1 13.Rxc1 a6 14.f3 Nf6 15.a4 b6 16.Qd2 Rb8
17.Rc2 f4 18.cxd6 cxd6 19.a5 b5 20.Nb6 Bb7 21.Rfc1 Nc8 22.Nxc8 Rxc8 23.Nd1 Qd7
24.Nf2 g5 25.Rc3 h5 26.R1c2 Kg7 27.Bf1 Rxc3 28.Rxc3 Rc8 29.g3 Rxc3 30.Qxc3 Qc8
31.Qd2 Qc7 32.h4 Nh7 33.hxg5 Nxg5 34.Bg2 Qf7 35.gxf4 exf4 36.Nd3 Qg6 37.Kh1 Kh7
38.Qxf4 Bc8 39.Qg3 Qf6 40.f4 Nf7 41.e5 h4 42.Qe3 dxe5 43.fxe5 Qg5 44.Qa7 Kg6
45.e6 Nd6 46.Qd4 Nf5 47.Qc5 h3 48.Bxh3 Ng3+ 49.Kh2 Qd2+ 50.Kxg3 Qxd3+ 51.Kh4 Qf3  1-0

[Event "IsBank TCh-TUR"]
[Site "Konya TUR"]
[Date "2010.07.05"]
[Round "9"]
[White "Miroshnichenko,E"]
[Black "Mamedov,Nid"]
[Result "1/2-1/2"]
[WhiteElo "2684"]
[BlackElo "2614"]

1.c4 Nf6 2.Nc3 g6 3.d4 Bg7 4.e4 d6 5.Be2 O-O 6.Nf3 e5 7.O-O Nc6 8.d5 Ne7
9.Kh1 Kh8 10.Ne1 Nd7 11.g4 f5 12.f3 Nf6 13.Rg1 c6 14.Be3 a6 15.g5 Nh5 16.Nd3 b5
17.Nb4 cxd5 18.cxd5 Nf4 19.a4 Nxe2 20.Qxe2 fxe4 21.fxe4 Bd7 22.a5 Qc7 23.Nb1 Bc8
24.Nd2 Bb7 25.Rg3 Kg8 26.Kg1 Qd7 27.Qg4 Qxg4 28.Rxg4 Rac8 29.Rg2 Rf7 30.Rf2 Rxf2
31.Kxf2 Kf7 32.Ke2 Ke8 33.Rf1 Kd7 34.Rf7 Rg8 35.Nf1 Ke8 36.Rf3 Bc8 37.Rg3 Rh8
38.Bb6 h6 39.h4 hxg5 40.hxg5 Rh4 41.Nd2 Rg4 42.Rxg4 Bxg4+ 43.Kf2 Bc8 44.Nf3 Bf8
45.Kg3 Bb7 46.Nh4 Kf7 47.Bd8 Nc8 48.Nc6 Na7  1/2-1/2

[Event "IsBank TCh-TUR"]
[Site "Konya TUR"]
[Date "2010.07.07"]
[Round "11"]
[White "Arslan,Erda"]
[Black "Selbes,T"]
[Result "0-1"]
[WhiteElo "2126"]
[BlackElo "2263"]

1.d4 Nf6 2.c4 g6 3.Nc3 Bg7 4.e4 d6 5.Nf3 O-O 6.Be2 e5 7.O-O Nc6 8.d5 Ne7
9.b4 Nh5 10.Re1 a5 11.bxa5 c5 12.Nd2 Rxa5 13.Bxh5 gxh5 14.Qxh5 Ng6 15.g3 f5
16.Nb3 Ra6 17.Qe2 f4 18.f3 h5 19.a4 Qf6 20.Kf2 fxg3+ 21.hxg3 h4 22.Rg1 hxg3+
23.Rxg3 Nf4 24.Qf1 Qh4 25.Ne2 Qh2+ 26.Rg2 Nxg2 27.Qxg2 Qxg2+ 28.Kxg2 Rb6
29.Nd2 Bh6 30.Kf2 Rb4 31.Nf1 Bxc1 32.Rxc1 Rxa4 33.Ne3 Bd7 34.Rb1 Rb4 35.Ra1 Kf7
36.Rh1 Ke7 37.Rh6 Rf6 38.Rh8 b5 39.cxb5 Rxb5 40.Rh4 Rb2 41.Nd1 Rb3 42.Nec3 Ra3
43.Rh8 Rf8 44.Rh7+ Rf7 45.Rh8 Bg4  0-1

[Event "IsBank TCh-TUR"]
[Site "Konya TUR"]
[Date "2010.07.07"]
[Round "12"]
[White "Temizkan,D"]
[Black "Olcum,A"]
[Result "0-1"]
[WhiteElo "1814"]
[BlackElo "1949"]

1.d4 Nf6 2.c4 g6 3.Nc3 Bg7 4.e4 d6 5.Nf3 O-O 6.Be2 e5 7.O-O Nc6 8.d5 Ne7
9.b4 Ne8 10.Nd2 f5 11.f3 f4 12.a4 h5 13.c5 g5 14.Nc4 Rf7 15.Ba3 Bf8 16.b5 Ng6
17.b6 axb6 18.cxb6 cxb6 19.Qb3 g4 20.Qxb6 Qh4 21.Qb2 g3 22.h3 Bxh3 23.gxh3 Qxh3
24.Bd1 Nh4 25.Ra2 Rg7 26.Re1 g2 27.Kf2 g1=Q+  0-1

[Event "Heart of Finland"]
[Site "Jyvaskyla FIN"]
[Date "2010.07.08"]
[Round "6"]
[White "Arkhangelsky,B"]
[Black "Novik,Ma"]
[Result "0-1"]
[WhiteElo "2237"]
[BlackElo "2475"]

1.d4 Nf6 2.c4 g6 3.Nc3 Bg7 4.e4 d6 5.Be2 O-O 6.Nf3 e5 7.O-O Nc6 8.d5 Ne7
9.Nd2 Ne8 10.b4 f5 11.c5 Nf6 12.Nc4 Nxe4 13.Nxe4 fxe4 14.cxd6 cxd6 15.b5 Nf5
16.Ba3 Bh6 17.Kh1 b6 18.Bc1 Bf4 19.g3 Bxc1 20.Rxc1 Nd4 21.Ne3 Bh3 22.Bg4 Bxf1
23.Qxf1 Qf6 24.Kg2 Rf7 25.Bd1 Raf8 26.Ng4 Qg5 27.Rc3 Qd2 28.Re3 Kg7  0-1

[Event "1st Open"]
[Site "Vaujany FRA"]
[Date "2010.07.10"]
[Round "1"]
[White "Joie,S"]
[Black "Lees,J"]
[Result "1-0"]
[WhiteElo "2142"]
[BlackElo "1857"]

1.Nf3 Nf6 2.c4 g6 3.Nc3 Bg7 4.e4 d6 5.d4 O-O 6.Be2 e5 7.O-O Nc6 8.d5 Ne7
9.Ne1 Nd7 10.f3 f5 11.g4 a5 12.Nd3 f4 13.h4 b6 14.Kg2 h6 15.Bd2 Kh7 16.Rh1 Nb8
17.a3 Ba6 18.Nf2 Nd7 19.b4 axb4 20.axb4 Ng8 21.Nh3 Ne7 22.g5 h5 23.Qb3 Qb8
24.Ra3 Bb7 25.Rha1 c6 26.Nf2 Qc7 27.dxc6 Bxc6 28.Nd5 Nxd5 29.cxd5 Rxa3 30.Rxa3 Bb7
31.Nd1 Ra8 32.Nc3 Bf8 33.Bb5 Rxa3 34.Qxa3 Qc8 35.Qa4 Nb8 36.Qa7 Qc7 37.Bd3 Kg8
38.Nb5 Qd7 39.Qxb6 Bc8 40.Kg1 Qh3 41.Qf2 Qd7 42.Na7 Be7 43.Bc4 Qc7 44.Nc6 Kf8
45.b5 Nd7 46.Ba5 Qb7 47.Qb2 Nc5 48.b6 Ke8 49.Qb5 Qd7 50.Nb8 Qxb5 51.Bxb5+ Kf7
52.Nc6 Nb7 53.Kg2 Nc5 54.Na7 Bb7 55.Bc6 Ba6 56.Bb4 Nb7 57.Bxb7 Bxb7 58.Nb5 Ke8
59.Nxd6+ Kd7 60.Nc4 Bxb4 61.Nxe5+ Kd6 62.Nxg6 Bd2 63.Nf8 Bc3 64.Ne6 Bc8 65.Nd8 Ba6
66.b7 Kc7 67.d6+ Kb8 68.Nc6+  1-0